000 01138nam a2200313Ia 4500
005 20220317001408.0
008 161108s2005 ag a g 000 0 spa
020 _a9500726696
100 1 _aMachado, Ana María
_d1941-
245 1 0 _aYeca, el tatú
_cAna María Machado ; traducción
_bAna María Shua ; ilustraciones:
_bIstvan
250 _a2a. edición
300 _a57 páginas
_bilustraciones en blanco y negro
_c20 cm
490 _aPan flauta
_paventuras
521 _aRecomendado para niños a partir de 6 años
650 1 4 _2LEMB
_aCuentos infantiles brasileños
_ySiglo XX
650 1 4 _2LEMB
_aLiteratura infantil brasileña
_ySiglo XX
650 1 4 _2LEMB
_aAnimales en la literatura
650 1 4 _2LEMB
_aOvejas en la literatura
650 1 4 _2LEMB
_aAventuras en la literatura
700 1 _aDíaz Prieto, Mariano
_972055
700 1 _aShua, Ana María
_d1951-
_913117
942 _2loc
_cBKLIT
264 _aBuenos Aires
_bSudamericana
_c2005
336 _atexto
_btxt
_2rdacontent
337 _asin mediación
_bn
_2rdamedia
338 _avolumen
_bnc
_2rdacarrier
040 _aCO-BoRNBP
_bspa
_erda
_cCO-BoRNBP
084 _aC MAC2
999 _c6841
_d6841